Agro-industrie et développement : (Record no. 18669)

000 -LEADER
fixed length control field 00547cam a2200193 a 4500
020 ## - INTERNATIONAL STANDARD BOOK NUMBER
ISBN 2738400337
040 ## - CATALOGING SOURCE
Transcribing agency DLC
082 00 - DEWEY DECIMAL CLASSIFICATION NUMBER
Classification number 338 CET 1988 C150 Or.
100 1# - MAIN ENTRY--AUTHOR NAME
Personal name Arroyo, Gonzalo.
245 10 - TITLE STATEMENT
Title Agro-industrie et développement :
Remainder of title le cas du Mexique /
260 ## - PUBLICATION, DISTRIBUTION, ETC. (IMPRINT)
Place of publication Paris :
Name of publisher C.E.T.R.A.L. :
-- L'Harmattan,
Year of publication c1988.
300 ## - PHYSICAL DESCRIPTION
Number of Pages 175 p. ;
Dimensions 22 cm.
490 1# - SERIES STATEMENT
Series statement Collection CETRAL-L'Harmattan
650 #0 - SUBJECT ADDED ENTRY--TOPICAL TERM
Topical Term Agriculture
650 #0 - SUBJECT ADDED ENTRY--TOPICAL TERM
Topical Term Food industry and trade
650 #0 - SUBJECT ADDED ENTRY--TOPICAL TERM
Topical Term Agricultural biotechnology
650 #0 - SUBJECT ADDED ENTRY--TOPICAL TERM
Topical Term Agriculture
942 ## - ADDED ENTRY ELEMENTS (KOHA)
Koha item type ADB
952 ## - LOCATION AND ITEM INFORMATION (KOHA)
Withdrawn status [LOCAL, KOHA] 0
Holdings
Source of acquisition Permanent Location Date acquired Koha item type Lost status Shelving location Current Location Full call number
A39256Library Block C2020-01-03សៀវភៅភាសាអង់គ្លេស C150Library Block C338 CET 1988 C150 Or.
មជ្ឈមណ្ឌលឯការនៃសាកលវិទ្យាល័យភូមិន្ទកសិកម្មចំការដូង

Powered by Koha